000 01052nam0a22002651 4500
001 rc\3307326
005 20250609210523.0
021 _aRU
_b[71-32851]
035 _a(NLR Aleph) 007503074
090 _a7671975
_c7671975
100 _a20130115d1971 |||y0rusy50 ca
101 0 _arus
102 _aRU
105 _aa z |||||
200 1 _aЭкономика, организация и планирование строительства
_e[Учеб. пособие для вузов по специальности «Финансы и кредит»]
210 _aМосква
_cВысш. школа
_d1971
215 _a256 с.
_cил.
_d21
606 _aСтроительство
_xТехнико-экономические показатели
_jУчебники и пособия
_2psbo
700 1 _aДобрынин
_bФ.Т.
_gФедор Тихонович
701 1 _aЛукина
_bР.В.
_gРоза Владимировна
801 0 _aRU
_bNLR
_gpsbo
801 1 _aRU
_bELAR
_2rusmarc
852 _aNLR
_j71-3/2711
942 _cBOOK
980 _aNB